Random Capitals #1 - Statistics

General Stats
  • This quiz has been taken 24 times
  • The average score is 13 of 15
Answer Stats
Question Answer % Correct
Vienna Austria
100%
Ottawa Canada
100%
Cairo Egypt
100%
Berlin Germany
100%
Seoul South Korea
100%
Stockholm Sweden
100%
Caracas Venezuela
100%
Jakarta Indonesia
94%
Nairobi Kenya
94%
Podgorica Montenegro
88%
Beirut Lebanon
82%
Kinshasa Democratic Republic of the Congo
76%
Montevideo Uruguay
65%
Bujumbura Burundi
53%
Melekeok Palau
53%
No matching quizzes found
Score Distribution
Percent of People with Each Score
Percentile by Number Answered
Your Score History
You have not taken this quiz